Construction management (Record no. 115903)

MARC details
000 -LEADER
fixed length control field 01556cad a22002415a 4500
001 - CONTROL NUMBER
control field L159442
008 - FIXED-LENGTH DATA ELEMENTS--GENERAL INFORMATION
fixed length control field 170602s2017 xxk f 000 0 eng d
020 ## - INTERNATIONAL STANDARD BOOK NUMBER
International Standard Book Number 9781315528175
035 ## - SYSTEM CONTROL NUMBER
System control number (Sirsi) u159442
041 0# - LANGUAGE CODE
Language code of text/sound track or separate title eng
050 04 - LIBRARY OF CONGRESS CALL NUMBER
Classification number 624.068 $2 18
100 1# - MAIN ENTRY--PERSONAL NAME
Personal name March, Chris
245 00 - TITLE STATEMENT
Title Construction management
Remainder of title theory and practice
Medium [electronic resource]
260 ## - PUBLICATION, DISTRIBUTION, ETC.
Place of publication, distribution, etc. Oxon
Name of publisher, distributor, etc. Routledge
Date of publication, distribution, etc. 2017
520 ## - SUMMARY, ETC.
Summary, etc. Part I outlines the main industry players and their roles in relation to the Construction Manager. Part II covers management theory, leadership and team working strategies. Part III details financial aspects including: sources of finance, appraisal and estimating, construction economics, whole life costing and life cycle analysis, bidding and tendering as well as procurement methods, types of contracts and project costing. Part IV covers construction operations management and issues such as supply chain management, health and safety, waste, quality and environmental management. Part V covers issues such as marketing, strategy, HRM, health, stress and well-being. Part VI concludes the book with reflections on the future of the industry in relation to the environment and sustainability and the role of the industry and its managers.
650 24 - SUBJECT ADDED ENTRY--TOPICAL TERM
Topical term or geographic name entry element EBOOK
650 24 - SUBJECT ADDED ENTRY--TOPICAL TERM
Topical term or geographic name entry element WHOLE LIFE COSTS
650 24 - SUBJECT ADDED ENTRY--TOPICAL TERM
Topical term or geographic name entry element LIFE CYCLE COST MANAGEMENT
651 #4 - SUBJECT ADDED ENTRY--GEOGRAPHIC NAME
Geographic name United Kingdom
Chronological subdivision
690 ## - LOCAL SUBJECT ADDED ENTRY--TOPICAL TERM (OCLC, RLIN)
Topical term or geographic name as entry element Construction management
9 (RLIN) 6230
856 40 - ELECTRONIC LOCATION AND ACCESS
Uniform Resource Identifier <a href="https://www.vlebooks.com/">https://www.vlebooks.com/</a>
Public note View on VLEbooks. Logins for members only from [email protected]
942 ## - ADDED ENTRY ELEMENTS (KOHA)
Suppress in OPAC 0
Holdings
Withdrawn status Lost status Source of classification or shelving scheme Damaged status Not for loan Home library Current library Shelving location Date acquired Total Checkouts Full call number Barcode Date last seen Copy number Price effective from Koha item type
    Dewey Decimal Classification     Virtual Virtual Online 20/07/2017   eBook 159442-2001 06/08/2019 1 06/08/2019 Book